000 01243naa a22003257a 4500
001 BR8401893
003 BR-BrBNA
005 20250721154437.0
007 ta
008 250630b bl.|||m| |||| 00| 0 por d
040 _aBR-BrBNA
_bpor
_cBiblioteca Nacional de Agricultura
041 _a(Pt)
072 _aE70; F00
_b2121
_b3575
_b3530
_bG514
090 _aE70 BR8401893
100 1 _aSerra, R.D.
111 1 _a1. Simposio Brasileiro do Guarana
_cManaus, AM (Brazil)
_d24-28 Oct 1983
245 1 _aPadroes de qualidade de sementes e mudas de guarana [Brasil]
246 1 _a[Quality standards for guarana seeds and seedlings [Brazil]]
246 1 _a[Annals of the 1. Brazilian Symposium on Guarana]
500 _aAnais do 1. Simposio Brasileiro do Guarana Manaus, AM (Brasil): 1983. p. 187-199 (BR8401893-AMS)
773 0 _tAnais do 1. Simposio Brasileiro do Guarana
_wE70 BR8401893
_gManaus, AM (Brasil), 1983. p. 187-199
650 _aGUARANA
650 _aSEMENTE
650 _aMUDA
650 _aCONTROLE DE QUALIDADE
650 _aINSPECAO SANITARIA
490 _aDocumentos - Unidade de Execucao de Pesquisa de Ambito Estadual de Manaus (Brazil)
_vno. 3
942 _cAMS
_2AGRIS
909 _a202506
_bLúcia
_c55
_dLúcia Elande
999 _c334799
_d334799